ROME - LES PREMIERS EMPEREURS - Statistiques

Statistiques générales
  • Ce quiz a été pris 412 fois
  • Le résultat moyen est 11 sur 17
Statistiques - réponses
Réponses % Correct
Auguste
97%
Néron
93%
Caligula
86%
Tibère
78%
Claude
76%
Marc-Aurèle
72%
Hadrien
68%
Trajan
65%
Vespasien
65%
Commode
62%
Titus
59%
Domitien
49%
Antonin le Pieux
41%
Galba
41%
Nerva
39%
Othon
35%
Vitellius
33%
Aucun quiz correspondant
Distribution des résultats
% des personnes avec chaque résultat
Percentile par nombre de réponses
Votre historique - résultats
Vous n’avez pas pris ce quiz